000 00497nam a2200181Ia 4500
001 1709
005 20260306143748.0
008 260306t2011||||xx |||||||||||||| ||spa||
041 _aESP
082 _a155.2
_bD88
100 _aDomínguez Prieto, Xosé Manuel
_eAUT
245 0 _aPsicología de la persona:
_bfundamentos antropológicos de la psicología y la psicoterapia
260 _c2011
300 _a379 páginas :
_c21 cm.
650 _aGEN
654 _aCPS
942 _cLIB
_dJUS
_fJUS
_2ddc
_n
999 _c1709
_d1709